| 000 | 00721nam a2200217 i 4500 | ||
|---|---|---|---|
| 001 | 124399 | ||
| 003 | ES-MaACL | ||
| 005 | 20250813062607.0 | ||
| 008 | 070323s1928 sp bf |||| | spa d | ||
| 080 | _a91(495:262) | ||
| 100 | 1 |
_aMaull, Otto. _979206 |
|
| 245 | 1 | 0 |
_aGeografía del Mediterráneo griego / _cOtto Maull ; traducido del alemán por Leonardo Martín Echeverría. |
| 260 |
_aBarcelona : _bLabor, _c[1928] |
||
| 300 |
_a207 p., XVI p. de lám., 4 mapas ; _c17 cm. |
||
| 490 | 1 |
_aColección Labor ; _v171 |
|
| 651 | 4 |
_aGrecia- _xGeografía. _9145584 |
|
| 700 | 1 |
_aMartín Echeverría, Leonardo. _977479 |
|
| 830 | 0 | 0 |
_aColección Labor _v171 _9184254 |
| 852 |
_aES-MaACL _jE-2691 |
||
| 999 |
_c124399 _d124399 |
||